Frieden und Krieg Sicherheit in der nationalen und postnationalen Konstellation

Saved in:
Bibliographic Details
Main Author: Zangl, Bernhard
Other Authors: Zűrn, Michael
Format: Book
Language:German
Published: Frankfurt am Main Suhrkamp 2003
Series:Neue Sozialwissenschaftliche Bibliothek
Subjects:
Tags: Add Tag
No Tags, Be the first to tag this record!

MARC

LEADER 00000nam$a2200000$$$4500
001 0044933
005 20240314090413.5
020 |a 3-518-12337-8 
041 0 |a ger 
044 |a DE 
245 1 0 |a Frieden und Krieg  |b Sicherheit in der nationalen und postnationalen Konstellation  |c Bernhard Zangl, Michael Zűrn 
264 1 |a Frankfurt am Main  |b Suhrkamp  |c 2003 
300 |a 337 s. 
490 1 |a Neue Sozialwissenschaftliche Bibliothek 
830 0 |a Neue Sozialwissenschaftliche Bibliothek 
610 2 0 |a vzťahy medzinárodné 
610 2 0 |a politika svetová 
610 2 0 |a vojny 
610 2 0 |a konflikty medzinárodné 
610 2 0 |a konflikty etnické 
610 2 0 |a teórie politické 
610 2 0 |a politika medzinárodná 
610 2 0 |a hypotézy 
610 2 0 |a politika bezpečnostná 
610 2 0 |a terorizmus 
100 1 |a Zangl, Bernhard 
700 1 |a Zűrn, Michael